Prākr̥tika bhūgola kā svarūpa. (Record no. 56412)

MARC details
000 -LEADER
fixed length control field 00557cam a22002051 4500
001 - CONTROL NUMBER
control field sa 64000787
003 - CONTROL NUMBER IDENTIFIER
control field DLC
005 - DATE AND TIME OF LATEST TRANSACTION
control field 20260227111958.0
008 - FIXED-LENGTH DATA ELEMENTS--GENERAL INFORMATION
fixed length control field 890801s1963 ii ab 000 0 hino
010 ## - LIBRARY OF CONGRESS CONTROL NUMBER
LC control number sa 64000787
035 ## - SYSTEM CONTROL NUMBER
System control number (OCoLC)20111237
040 ## - CATALOGING SOURCE
Original cataloging agency DLC
Transcribing agency WaU
Modifying agency DLC
050 00 - LIBRARY OF CONGRESS CALL NUMBER
Classification number GB55
Item number .T56
100 1# - MAIN ENTRY--PERSONAL NAME
Personal name Tivārī, Viśvanātha,
Dates associated with a name 1914-
245 10 - TITLE STATEMENT
Title Prākr̥tika bhūgola kā svarūpa.
260 ## - PUBLICATION, DISTRIBUTION, ETC.
Date of publication, distribution, etc. [1963]
300 ## - PHYSICAL DESCRIPTION
Extent 7, 448 p.
Other physical details illus., maps, diagrs., tables.
Dimensions 25 cm.
500 ## - GENERAL NOTE
General note In Hindi.
650 #0 - SUBJECT ADDED ENTRY--TOPICAL TERM
Topical term or geographic name entry element Physical geography
Form subdivision Textbooks.

No items available.

Powered by Koha